• 首页
  • 本馆介绍
  • 公告通知
  • 最新文献
  • 馆藏检索
  • 电子资源
  • 读者导购
  • 参考咨询
  • 我的图书馆
  • 登录
  • 详细信息显示
  • 放入我的书架
  • 预约/预借图书
  • 作者相关作品
  • 分类相关作品
  • 丛书相关作品
  • 出版社相关作品

书目信息

  • 表格格式
  • 工作单格式
  • 卡片格式
题名:
中国古代寓言
    
 
作者: 吕伯攸 编著
分册:  
出版信息: 北京   知识出版社  2021
页数: 167页
开本: 23cm
丛书名:
单 册:
中图分类: I276.4
科图分类:
主题词: 寓言--作品集--中国--古代
电子资源:
ISBN: 978-7-5215-0399-9
000 00675nam0 2200229 450
001 0100111053
005 20220113093139.0
010    @a978-7-5215-0399-9@dCNY19.00
100    @a20211224d2021 cemy0chiy0120 ea
101 0  @achi
102    @aCN@b110000
105    @aa z 000fy
106    @ar
200 1  @a中国古代寓言@9Zhong Guo Gu Dai Yu Yan @f吕伯攸等编著@b专著
210    @a北京@c知识出版社@d2021
215    @a167页@c彩图@d23cm
300    @a“快乐读书吧”小学生课外阅读书系 导读版 三年级下册
606 0  @a寓言@x作品集@y中国@z古代
690    @aI276.4@v5
701  0 @a吕伯攸@4编著@9lü bo you
801    @aCN@baizhi@c20221003
905    @aBZT@dI276.4@e10@f5@sI276.4/10
    
    中国古代寓言/吕伯攸等编著.-北京:知识出版社,2021
    167页:彩图;23cm
    “快乐读书吧”小学生课外阅读书系 导读版 三年级下册
    
    ISBN 978-7-5215-0399-9:CNY19.00
    
●
相关链接 在五车中查询图书 在当当中查询图书 在豆瓣中查询图书


正题名:中国古代寓言     索取号:I276.4/10         预约/预借

序号 登录号 条形码 馆藏地/架位号 状态 备注
1 2000153059   2000153059   旧书回溯/ [索取号:I276.4/10] 在馆    
2 2000153939   2000153939   旧书回溯/ [索取号:I276.4/10] 在馆    
3 2000154724   2000154724   旧书回溯/ [索取号:I276.4/10] 在馆    
4 2000154725   2000154725   旧书回溯/ [索取号:I276.4/10] 在馆    
5 2000155266   2000155266   旧书回溯/ [索取号:I276.4/10] 在馆    
山东省滨州职业学院图书馆 欢迎您!
大连网信软件有限公司© 版权所有